Trafficking and abuse of "crack" in New York City : hearing before the Select Committee on Narcotics Abuse and Control, House of Representatives, Ninety-ninth Congress, second session, July 18, 1986.

Bibliographic Details
Corporate Authors: United States. Congress. House. Select Committee on Narcotics Abuse and Control, ProQuest (Firm)
Format: Government Document eBook
Language:English
Published: Washington : U.S. G.P.O., 1987.
Series:U.S. Congressional Hearings.
Subjects:
Online Access:Connect to the full text of this electronic book

MARC

Tag First Indicator Second Indicator Subfields
LEADER 00000cam a22000001a 4500
001 in00003214713
006 m d f
007 cr bn mmmapmmp
008 091020s1987 dcua o f000 0 eng d
005 20260504201020.1
035 |a cis2007452403 
040 |a UMI  |c UMI  |d UtOrBLW 
043 |a n-us--- 
074 |a 1009-B-8, 1009-C-8 (microfiche) 
086 0 |a Y 4.N 16:99-2-16 
099 |a HRG-1986-NAC-0015 
110 1 |a United States.  |b Congress.  |b House.  |b Select Committee on Narcotics Abuse and Control. 
245 1 0 |a Trafficking and abuse of "crack" in New York City :  |b hearing before the Select Committee on Narcotics Abuse and Control, House of Representatives, Ninety-ninth Congress, second session, July 18, 1986. 
264 1 |a Washington :  |b U.S. G.P.O.,  |c 1987. 
300 |a 1 online resource. 
336 |a text  |b txt  |2 rdacontent 
337 |a computer  |b c  |2 rdamedia 
338 |a online resource  |b cr  |2 rdacarrier 
500 |a Record is based on bibliographic data in ProQuest Congressional Hearings Digital Collection. Reuse except for individual research requires license from ProQuest, LLC. 
538 |a System requirements: PDF reader software. 
500 |a Electronic resource. 
650 0 |a Cocaine  |z New York (State)  |z New York. 
650 0 |a Drug abuse  |z New York (State)  |z New York  |x Prevention. 
650 0 |a Drug control  |z New York (State)  |z New York Metropolitan Area. 
655 7 |a Electronic books.  |2 local 
710 2 |a ProQuest (Firm) 
776 0 8 |i Print version:  |a United States. Congress. House. Select Committee on Narcotics Abuse and Control.  |t Trafficking and abuse of "crack" in New York City  |w (OCoLC)16191870  |w gp 87016378 
776 0 8 |i Microfiche version:  |a United States. Congress. House. Select Committee on Narcotics Abuse and Control.  |t Trafficking and abuse of "crack" in New York City.  |d [Bethesda, Md.] : ProQuest,[2004]  |o CIS 87 H961-30  |w (ProQuest)cis08701466 
830 0 |a U.S. Congressional Hearings. 
856 4 0 |u http://proxy.library.tamu.edu/login?url=https://congressional.proquest.com/congcomp/getdoc?HEARING-ID=HRG-1986-NAC-0015  |z Connect to the full text of this electronic book  |t 0 
998 |a cis08701466 
999 |a MARS 
999 f f |s 58bf160a-cf86-38ca-9dda-c84ff85c4caf  |i 3fcc54a5-c744-3e49-8225-abca6fa8bd84  |t 0 
952 f f |a Texas A&M University  |b College Station  |c Electronic Resources  |s www_evans  |d Available Online  |t 0  |e HRG-1986-NAC-0015  |h Other scheme 
998 f f |a HRG-1986-NAC-0015  |t 0  |l Available Online